Going batty / (Record no. 2263)

MARC details
000 -LEADER
fixed length control field 01058cam a22003377a 4500
005 - DATE AND TIME OF LATEST TRANSACTION
control field 20231114092601.0
020 ## - INTERNATIONAL STANDARD BOOK NUMBER
International Standard Book Number 9780545130479
020 ## - INTERNATIONAL STANDARD BOOK NUMBER
International Standard Book Number 0545130476
040 ## - CATALOGING SOURCE
Original cataloging agency BTCTA
Language of cataloging eng
Transcribing agency BTCTA
Modifying agency WIQ
-- BKX
-- IEP
-- C#L
-- DLC
050 00 - LIBRARY OF CONGRESS CALL NUMBER
Classification number PZ7.K678323
Item number Go 2010
082 00 - DEWEY DECIMAL CLASSIFICATION NUMBER
Classification number 511
Edition number 23
100 1# - MAIN ENTRY--PERSONAL NAME
Personal name Klein, Abby
245 10 - TITLE STATEMENT
Title Going batty /
Statement of responsibility, etc. by Abby Klein ; illustrated by John McKinley
250 ## - EDITION STATEMENT
Edition statement First printing, July 2010
260 ## - PUBLICATION, DISTRIBUTION, ETC.
Place of publication, distribution, etc. New York :
Name of publisher, distributor, etc. Scholastic,
Date of publication, distribution, etc. 2010
300 ## - PHYSICAL DESCRIPTION
Extent 95 pages :
Other physical details illustrations
Dimensions 19 cm
490 1# - SERIES STATEMENT
Series statement Ready Freddy! ;
Volume/sequential designation 21
490 1# - SERIES STATEMENT
Series statement Little apple
505 ## - FORMATTED CONTENTS NOTE
Formatted contents note P
520 ## - SUMMARY, ETC.
Summary, etc. It's almost Halloween and Freddy thinks that there are monsters in his attic.
521 ## - TARGET AUDIENCE NOTE
Target audience note 620
Source Lexile
521 ## - TARGET AUDIENCE NOTE
Target audience note P
Source Raz-Plus
650 #0 - SUBJECT ADDED ENTRY--TOPICAL TERM
Topical term or geographic name entry element Fear
Form subdivision Juvenile fiction.
650 #0 - SUBJECT ADDED ENTRY--TOPICAL TERM
Topical term or geographic name entry element Monsters
Form subdivision Juvenile fiction.
650 #0 - SUBJECT ADDED ENTRY--TOPICAL TERM
Topical term or geographic name entry element Bats
Form subdivision Juvenile fiction.
650 #0 - SUBJECT ADDED ENTRY--TOPICAL TERM
Topical term or geographic name entry element Halloween
Form subdivision Juvenile fiction.
700 1# - ADDED ENTRY--PERSONAL NAME
Personal name McKinley, John
Dates associated with a name 1956-
Relator term illustrator
906 ## - LOCAL DATA ELEMENT F, LDF (RLIN)
a 7
b cbc
c copycat
d 2
e ncip
f 20
g y-gencatlg
942 ## - ADDED ENTRY ELEMENTS (KOHA)
Source of classification or shelving scheme Dewey Decimal Classification
Koha item type Books
Suppress in OPAC No
999 ## -
-- 2263
-- 2263
Holdings
Withdrawn status Lost status Source of classification or shelving scheme Damaged status Not for loan Collection Home library Current library Shelving location Date acquired Total Checkouts Full call number Barcode Date last seen Date last checked out Price effective from Koha item type
    Dewey Decimal Classification     Juvenile Fiction Footprints International School Library Network Toul Kork Campus Footprints International School Library Network Toul Kork Campus TK Primary Library Room(4th Floor), Bookcase 3&4, Shelves 17-32, Yellow Books 11/14/2023 4 KLE 511 PZ7.K678323 FISTK00212 02/13/2026 01/29/2026 11/14/2023 Books